Social media discourse (dis)identification and diversities (Record no. 999051)

MARC details
000 -LEADER
fixed length control field 01023nam a2200301Ia 4500
003 - CONTROL NUMBER IDENTIFIER
control field OSt
005 - DATE AND TIME OF LATEST TRANSACTION
control field 20221005092554.0
008 - FIXED-LENGTH DATA ELEMENTS--GENERAL INFORMATION
fixed length control field 221004b |||||||| |||| 00| 0 eng d
020 ## - INTERNATIONAL STANDARD BOOK NUMBER
International Standard Book Number 9781138651418 (hbk)
037 ## - SOURCE OF ACQUISITION
Terms of availability Textual
040 ## - CATALOGING SOURCE
Original cataloging agency CRL
Transcribing agency CRL
Language of cataloging eng
041 ## - LANGUAGE CODE
Source of code eng
Language code of text/sound track or separate title eng
100 ## - MAIN ENTRY--PERSONAL NAME
Personal name Leppanen Sirpa Ed.
9 (RLIN) 617520
245 #0 - TITLE STATEMENT
Title Social media discourse (dis)identification and diversities
260 ## - PUBLICATION, DISTRIBUTION, ETC.
Place of publication, distribution, etc. New York
Name of publisher, distributor, etc. Routledge USA
Date of publication, distribution, etc. 2017
300 ## - PHYSICAL DESCRIPTION
Extent ix,370p.
Dimensions cm.
490 ## - SERIES STATEMENT
Series statement Routledge studies in sociolinguistics
650 ## - SUBJECT ADDED ENTRY--TOPICAL TERM
Topical term or geographic name entry element SOCIAL NETWORKING
9 (RLIN) 583367
650 ## - SUBJECT ADDED ENTRY--TOPICAL TERM
Topical term or geographic name entry element INTRANET
9 (RLIN) 583044
700 ## - ADDED ENTRY--PERSONAL NAME
Personal name Kytola Samu Ed.
9 (RLIN) 617521
700 ## - ADDED ENTRY--PERSONAL NAME
Personal name Westinen Elina Ed.
9 (RLIN) 617522
942 ## - ADDED ENTRY ELEMENTS (KOHA)
Classification part D65,8(B):715, Q7
Koha item type Textual
Source of classification or shelving scheme
Holdings
Withdrawn status Lost status Damaged status Not for loan Home library Current library Date acquired Source of acquisition Total Checkouts Full call number Barcode Date last seen Price effective from Koha item type
        Central Library Central Library 2022-10-05 1454, 17/01/2018, Bright Book Service   D65,8(B):715 Q7 CL1640964 2022-10-05 2022-10-05 Textual
Copyright @ Delhi University Library System